Diplomacia v Európskej únii: "Europeizácia" ako faktor premien diplomatických metód

Zamyslenie sa nad tradičnými vzormi chápania diplomacie, ale aj nad jej súčasnými formami, ktoré existujú v špecifickom prostredí EÚ. Lokácia a počet rezidentných zastupiteľských úradov vybraných členských štátov EÚ (vysielajúce štáty) v ostatných členských krajinách (prijímajúce štáty). Europeizáci...

Descrizione completa

Salvato in:
Dettagli Bibliografici
Autore principale: Pajtinka, Erik
Natura: Capitolo di libro
Lingua:slovacco
Soggetti:
Tags: Aggiungi Tag
Nessun Tag, puoi essere il primo ad aggiungerne!!

MARC

LEADER 00000naa$a2200000$$$4500
001 0065906
005 20231107111803.2
041 0 |a slo 
044 |a SK 
245 1 0 |a Diplomacia v Európskej únii: "Europeizácia" ako faktor premien diplomatických metód  |c Erik Pajtinka 
520 |a Zamyslenie sa nad tradičnými vzormi chápania diplomacie, ale aj nad jej súčasnými formami, ktoré existujú v špecifickom prostredí EÚ. Lokácia a počet rezidentných zastupiteľských úradov vybraných členských štátov EÚ (vysielajúce štáty) v ostatných členských krajinách (prijímajúce štáty). Europeizácia multilaterálnej diplomacie na úrovni EÚ. Európska diplomacia - súborný názov pre všetky diplomatické aktivity členských štátov a orgánov EÚ, ktoré sú spojené s jednotným pôsobením EÚ ako kolektívneho aktéra medzinárodných vzťahov. 
610 2 0 |a diplomacia 
610 2 0 |a diplomati 
610 2 0 |a Európska únia 
610 2 0 |a vzťahy medzinárodné 
100 1 |a Pajtinka, Erik